Eastern Utah Libraries Catalog: Duchesne, Heber, Roosevelt, & Vernal

The Pumpkin Fair problem / (Record no. 282716)

MARC details
000 -LEADER
fixed length control field 01893cam a2200505Ii 4500
001 - CONTROL NUMBER
control field ocn825736835
003 - CONTROL NUMBER IDENTIFIER
control field OCoLC
005 - DATE AND TIME OF LATEST TRANSACTION
control field 20200320191951.0
008 - FIXED-LENGTH DATA ELEMENTS--GENERAL INFORMATION
fixed length control field 130131s2013 nyua a 000 1 eng d
019 ## -
-- 825756931
-- 859800795
020 ## - INTERNATIONAL STANDARD BOOK NUMBER
International Standard Book Number 9780545481441 (pbk.)
020 ## - INTERNATIONAL STANDARD BOOK NUMBER
International Standard Book Number 0545481449 (pbk.)
020 ## - INTERNATIONAL STANDARD BOOK NUMBER
International Standard Book Number 9781480624672 (Paw Prints)
020 ## - INTERNATIONAL STANDARD BOOK NUMBER
International Standard Book Number 1480624675 (Paw Prints)
020 ## - INTERNATIONAL STANDARD BOOK NUMBER
Terms of availability 13.96
029 1# - (OCLC)
OCLC library identifier NZ1
System control number 14952352
035 ## - SYSTEM CONTROL NUMBER
System control number (OCoLC)825736835
Canceled/invalid control number (OCoLC)825756931
-- (OCoLC)859800795
040 ## - CATALOGING SOURCE
Original cataloging agency BTCTA
Language of cataloging eng
Description conventions rda
Transcribing agency BTCTA
Modifying agency CXP
-- YDXCP
-- JAO
-- IUK
-- WACOL
049 ## - LOCAL HOLDINGS (OCLC)
Holding library WACL
082 04 - DEWEY DECIMAL CLASSIFICATION NUMBER
Classification number [E]
Edition number 23
092 ## - LOCALLY ASSIGNED DEWEY CALL NUMBER (OCLC)
Classification number E
Item number Ken
100 1# - MAIN ENTRY--PERSONAL NAME
Personal name Kenah, Katharine,
Relator term author.
9 (RLIN) 5701579
245 14 - TITLE STATEMENT
Title The Pumpkin Fair problem /
Statement of responsibility, etc by Katharine Kenah ; illustrated by Tammie Lyon.
246 3# - VARYING FORM OF TITLE
Title proper/short title Saturday triplets in the Pumpkin Fair problem
264 #1 - Production, Publication, Distribution, Manufacture, and Copyright Notice.
Place of production, publication, distribution, manufacture New York :
Name of producer, publisher, distributor, manufacturer Scholastic Inc.,
Date of production, publication, distribution, manufacture, or copyr [2013]
300 ## - PHYSICAL DESCRIPTION
Extent 1 volume (unpaged) :
Other physical details color illustrations ;
Dimensions 23 cm.
336 ## - Content Type
Content type term text
337 ## - Media type
Media type term unmediated
338 ## - Carrier type
Carrier type term volume
490 1# - SERIES STATEMENT
Series statement Scholastic Level 1 reader
520 ## - SUMMARY, ETC.
Summary, etc Triplets Ana, Bella and Carlos have to stick together at the Pumpkin Fair. But no one wants to do the same thing! Who will win?
521 0# - TARGET AUDIENCE NOTE
Target audience note 1.
521 2# - TARGET AUDIENCE NOTE
Target audience note Pre-K to 1st.
650 #0 - SUBJECT ADDED ENTRY--TOPICAL TERM
Topical term or geographic name as entry element Triplets
Form subdivision Juvenile fiction.
9 (RLIN) 5707963
650 #0 - SUBJECT ADDED ENTRY--TOPICAL TERM
Topical term or geographic name as entry element Brothers and sisters
Form subdivision Juvenile fiction.
9 (RLIN) 5674032
650 #0 - SUBJECT ADDED ENTRY--TOPICAL TERM
Topical term or geographic name as entry element Carnivals
Form subdivision Juvenile fiction.
9 (RLIN) 5701601
700 1# - ADDED ENTRY--PERSONAL NAME
Personal name Lyon, Tammie,
Relator term illustrator.
9 (RLIN) 46033
830 #0 - SERIES ADDED ENTRY--UNIFORM TITLE
Uniform title Scholastic reader.
Number of part/section of a work Level 1.
9 (RLIN) 50501
938 ## -
-- Baker and Taylor
-- BTCP
-- BK0012723103
938 ## -
-- YBP Library Services
-- YANK
-- 9990029
942 ## - ADDED ENTRY ELEMENTS (KOHA)
Koha item type BOOK
948 ## - LOCAL PROCESSING INFORMATION (OCLC); SERIES PART DESIGNATOR (RLIN)
Series part designator, SPT (RLIN) 01/22/2014
z (OCLC) Sirsi
994 ## -
-- 02
-- WACOL
996 ## -
-- 106563
-- 34301001375254
-- EL
-- bk
-- wcl
-- i
-- 26
-- 13.96
-- penworthy
-- Ken
-- 01/22/2014
-- 11/06/2019
-- 10/21/2019
Holdings
Withdrawn status Lost status Source of classification or shelving scheme Damaged status Not for loan Collection code Home library Current library Shelving location Date acquired Source of acquisition Cost, normal purchase price Total Checkouts Total Renewals Full call number Barcode Date last seen Date checked out Cost, replacement price Price effective from Koha item type
    Dewey Decimal Classification     Children Leveled Wasatch County Library Wasatch County Library Main Floor Childrens Area 01/22/2014 Penworthy 13.96 46 20 E Ken 34301001375254 10/22/2025 10/06/2025 13.96 03/20/2020 BOOK
This project was made possible through a grant from the Institute of Museum and Library Service administered by the Utah State Library Division.

Wasatch County Library

  • 465 East 1200 South, Heber City, Utah 84032
  • Phone 435-654-1511 | Fax 435-654-6456

Hours

  • Monday - Friday 9:30 AM - 8:00 PM
  • Saturday 9:30 AM - 1:30 PM
  • Closed Sundays and Holidays